000 00319nam a2200157Ia 4500
008 100204s9999 xx 000 0 und d
082 _b20893
100 _aPOYER JOE
245 _aNORTH CAPE
250 _a0
260 _c1969
300 _a231
630 _aNORTH CAPE
730 _aNORTH CAPE
942 _cBOOK
999 _c465629
_d465626